How comparable are labor demand elasticities across countries? (Record no. 287001)

000 -LEADER
fixed length control field 00422cam a22001217a 4500
008 - FIXED-LENGTH DATA ELEMENTS--GENERAL INFORMATION
fixed length control field 180718b2001 xxu||||| |||| 00| 0 eng d
100 ## - MAIN ENTRY--PERSONAL NAME
Personal name Fajnzylber, Pablo
245 ## - TITLE STATEMENT
Title How comparable are labor demand elasticities across countries?
Statement of responsibility, etc. by Pablo Fajnzylber and William F. Maloney
260 ## - PUBLICATION, DISTRIBUTION, ETC.
Place of publication, distribution, etc. Washington, D.C.
Name of publisher, distributor, etc. World Bank
Date of publication, distribution, etc. 2001
300 ## - PHYSICAL DESCRIPTION
Extent 32p.
440 ## - SERIES STATEMENT/ADDED ENTRY--TITLE
Title Policy research working paper 2658
700 ## - ADDED ENTRY--PERSONAL NAME
Personal name Maloney, William
Holdings
Withdrawn status Lost status Damaged status Not for loan Permanent Location Current Location Date acquired Barcode Date last seen Price effective from Koha item type
        Indian Institute of Public Administration Indian Institute of Public Administration 2002-01-24 WB9104 2018-07-20 2018-07-20 WB

Powered by Koha